Sports Quiz

Random Sports or WWE Quiz
Score 0/103 Timer 10:00
0 Plays Today
Hint Answer % Correct
DLCThe Giant (NWO)
87.9%
RetroUndertaker
84.3%
Current SuperstarUndertaker
84.2%
Legend Undertaker
84.2%
Current SuperstarJohn Cena
83.8%
RetroJohn Cena
83.8%
Current SuperstarBig Show
82.9%
RetroBig Show
82.9%
DivaAJ Lee
81.6%
Current SuperstarTriple H
81.1%
RetroTriple H
81.1%
RetroKane
80.7%
Current SuperstarKane
80.5%
Legend Hollywood Hulk Hogan
79.2%
Legend Hulk Hogan
79.1%
RetroThe Rock
78.3%
RetroShawn Michaels
78.1%
Current SuperstarThe Rock
76.8%
Legend Andre the Giant
75.2%
DLCKevin Nash (NWO)
75.2%
DLCKevin Nash (Outsiders)
75.2%
Current SuperstarBrock Lesnar
74.8%
RetroBrock Lesnar
74.8%
DLCBrie Bella
74.7%
Legend Diesel
74.5%
DLCNikki Bella
74.2%
Current SuperstarRandy Orton
73.7%
Legend Randy Savage
73.7%
Current SuperstarCM Punk
73.6%
DLCRandy Savage (NWO)
73.5%
RetroEdge
73.1%
DLCScott Hall (NWO)
73%
DLCScott Hall (Outsiders)
73%
Current SuperstarAlberto Del Rio
72.9%
Current SuperstarChris Jericho
71%
Hint Answer % Correct
Current SuperstarDean Ambrose
70.6%
Current SuperstarChristian
70.4%
Current SuperstarCody Rhodes
70.4%
RetroChris Jericho
70.1%
Current SuperstarSeth Rollins
69.6%
RetroSteve Austin
69.4%
Current SuperstarDaniel Bryan
69.3%
Legend Bret 'hit man' Hart
69.3%
Current SuperstarRoman Reigns
69.1%
DivaStephanie McMahon
69.1%
RetroBatista
68.6%
Current SuperstarAntonio Cesaro
67.9%
DivaNatalya
66.4%
Legend Ultimate Warrior
65.7%
DLCDusty Rhodes
65.3%
RetroRic Flair
65.3%
Legend Ric Flair
65.3%
RetroMr McMahon
64.7%
Current SuperstarRey Mysterio
64.3%
Current SuperstarHeath Slater
63.7%
DivaLita
63.7%
Current SuperstarZack Ryder
63.6%
Current SuperstarDolph Ziggler
63.3%
Legend Shawn Michaels
61.7%
Current SuperstarThe Miz
61.6%
DivaLayla
61.4%
DLCBig E Langston
61.3%
Current SuperstarKofi Kingston
60.9%
Current SuperstarWade Barrett
60.9%
Current SuperstarJack Swagger
60.6%
Legend Mick Foley
60.1%
Current SuperstarBrodus Clay
59.9%
Legend Yokozuna
59.9%
DLCFandango
59.6%
DivaKaitlyn
59.1%
Hint Answer % Correct
Current SuperstarJinder Mahal
58.9%
Current SuperstarSheamus
58.9%
Current SuperstarDrew McIntyre
58.5%
Current SuperstarSin Cara
57.5%
Current SuperstarMark Henry
56.6%
Current SuperstarRyback
56.6%
DLCSyxx
56.1%
DivaAksana
56%
Legend Ted Dibiase
55.8%
RetroEddie Guerrero
55.8%
RetroJBL
55.6%
Current SuperstarDamien Sandow
55.2%
Current SuperstarDarren Young
55.1%
RetroGoldberg
54.8%
Legend Big John Studd
54.6%
Current SuperstarTensai
54.4%
DLCSummer Rae
54%
Current SuperstarJustin Gabriel
53.9%
Legend Razor Ramon
53.8%
Current SuperstarTitus Oneil
53.7%
Legend King Kong Bundy
53.6%
Current SuperstarThe Great Khali
53.1%
Current SuperstarR-Truth
52.2%
DLCCurt Hennig
51.7%
Current SuperstarSantino Marella
51.5%
Current SuperstarDavid Otunga
51.5%
Legend Ricky Steamboat
50.2%
DLCScott Steiner
47%
DLCJake Roberts
46.7%
DLCRick Rude
45.1%
DLCVirgil
45.1%
Legend Sgt. Slaughter
44.8%
DLCBruno Sammartino
42.9%
Remove Ads.
Support Sporcle.
Get the best of Sporcle when you Go Orange. This ad-free experience offers more features, more stats, and more fun while also helping to support Sporcle. Thank you for becoming a member.

You're not logged in!

Compare scores with friends on all Sporcle quizzes.
OR
Log In

Show Comments

Extras

Created Sep 14, 2013ReportNominate
Tags:WWE Quiz, Roster

Top Quizzes Today


Score Distribution

Your Account Isn't Verified!

In order to create a playlist on Sporcle, you need to verify the email address you used during registration. Go to your Sporcle Settings to finish the process.

Report this User

Report this user for behavior that violates our Community Guidelines.

Details: